[Event "Klubbmesterskap 2010"]
[Site "Ås, Akershus NOR"]
[Date "2010.01.21"]
[Round "1"]
[White "Lea, Per"]
[Black "Høva, Frode"]
[Result "1-0"]
[WhiteElo "1536"]
[BlackElo "1572"]
[Annotator "Lea, Per"]
[PlyCount "65"]
[EventDate "2010.01.21"]

{Jeg var ikke spesielt optimistisk foran dette partiet: ikke har jeg noe
spesielt god score mot Frode, og jeg hadde noen uker i forveien avsluttet en
heller begredelig høstturnering med å tape for ham. Jeg visste at han kom til
å spille en siciliansk variant jeg ikke liker, men jeg var for resignert til å
gjøre noe med det. Jeg hadde jo nylig prestert "all-time low" på ratinglistene
- mer enn 250 poeng under toppnoteringa.} 1. e4 c5 2. Nf3 Nc6 3. d4 cxd4 4.
Nxd4 e6 5. c4 (5. Nc3 Nf6 6. Ndb5 d6 7. Bf4 e5 8. Bg5 {og vi har havnet i en
stilling som både Øyvind og undertegnede har hatt mot Torstein, bare med den
forskjellen at i dette partiet har hvit brukt 2 trekk på å få løperen til g5,
mens svart har brukt 2 trekk på å få binden til e5.}) 5... Nf6 6. Nc3 Bb4 7.
Nxc6 bxc6 {Her kunne det kanskje vært fristende å påføre hvit en isolert
dobbeltbonde i c-linja med å slå på c3 først, men jeg tror ikke jeg hadde
mistet nattesøvnen om jag hadde fått den dobbeltbonden.} 8. Qc2 {Virker naturli
g for meg, men spesialistene er uenige. Løpertrekk til d2 eller d3 blir
foreslått.} Bxc3+ {Hvis svart absolutt skulle ha slått på c3, burde han nok ha
gjort det tidligere.} 9. Qxc3 d5 10. exd5 cxd5 11. Be3 {Hvis jeg absolutt
ville vanskeliggjøre svarts rokade, så var nok det eneste forsøket:} (11. Qa3
Qe7 12. b3 (12. Qxe7+ Kxe7 {og svart kan velge mellom å rokere "kunstig" eller
å la kongen holde seg i sentrum i påvente av sluttspillet.})) 11... O-O 12. Bd3
{12.0-0-0 hadde nok vært mer konsekvent, men jeg hadde ikke spesielt lyst til
å utsette meg for diverse tårn og droninger i de åpne linjene rett i fleisen
på kongen.} (12. O-O-O) 12... dxc4 (12... Ba6 13. O-O dxc4 14. Bxc4 Rc8 15. b3
{og svart greier ikke å utnytte at løperen er bundet}) 13. Qxc4 Bb7 14. O-O Rc8
15. Qb3 Bd5 16. Qa3 Ng4 17. Bf4 (17. Bc5 {er kanskje bedre, men jeg tror
kanskje jeg fryktet dronningutfall på kongefløyen og at det da ville være
greit å ha med løperen i forsvaret}) 17... Qf6 18. Bg3 (18. Bd6 Rfe8 19. Bb5
Bc6 20. Ba6 Qg5 21. h4 Qd5 22. Qg3 Rcd8 23. Rfd1 Qa5 24. Qxg4 Qxa6 25. Be5
Rxd1+ 26. Rxd1 f6 27. Bxf6 Qb7 28. Be5 Bd5 29. Rc1 (29. h5 h6 30. Rc1 Re7 31.
b3) 29... Re7 30. b3 {burde nok være klart fordelaktig for hvit, men den
materielt underlegne nyter jo godt av de ulikefargede løperne. Jeg innbiller
meg at dette ville vært en slitestilling hvor det gjelder å holde hodet kaldt
og være tålmodig}) 18... h5 {Det er mulig at springeren ikke står så godt på
g4; den står ikke noe godt til løperen. Å føre den til g6 i 2 trekk er derfor
en fornuftig plan, eller til h5 i 3 trekk, så kan hvit velge mellom å svekke
bondestillingen foran kongen, eller bytte bort løperparet..} 19. Rae1 h4 20.
Bd6 Rfe8 21. h3 Nh6 22. f3 {
Å plassere en løper eller et tårn på e5 hadde nok vært en mer aktiv plan.} Qd4+
23. Kh2 e5 24. Rd1 Qf4+ 25. Kh1 Nf5 $4 {
Som lyn fra klar himmel! Har svart sett noe jeg ikke har sett?} 26. Bxf5 Bc4
27. Bxc8 Bxf1 28. Rxf1 Rxc8 {Nei - han hadde ikke set mer enn meg, altså var
det bare snakk om en god, gammeldags bukk.} 29. Re1 Rc2 30. Qe3 Qg3 31. Rg1
Rxg2 $4 {Det er mulig svart så for seg et mattbilde med svart dame på h3, hvit
konge på h1, og hvitt tårn på g1. Men når hvit slår tilbake på g2, frigjøres
det jo også en fluktfelt for kongen på g1. Det er mulig svart ikke så det,
eller han var så deprimert etter offisersbukken at det bare var snakk om et
siste desperat forsøk.} 32. Rxg2 Qxh3+ 33. Kg1 1-0

[Event "Klubbmesterskap 2010"]
[Site "Ås, Akershus NOR"]
[Date "2010.01.21"]
[Round "1"]
[White "Garmark, Vegard"]
[Black "Furnes, Torstein"]
[Result "1/2-1/2"]
[WhiteElo "1023"]
[BlackElo "1519"]
[PlyCount "89"]
[EventDate "2010.01.21"]

1. e4 c5 2. Nf3 Nc6 3. Nc3 d6 4. d4 cxd4 5. Nxd4 e5 6. Nf3 Nf6 7. h3 Be7 8. Bc4
h6 9. O-O O-O 10. a3 a6 11. Re1 b5 12. Bd5 Bb7 13. Nh2 Qc7 14. Ng4 Kh7 15. f4
Nxg4 16. Qxg4 Nd4 17. Bb3 a5 18. a4 b4 19. Nd5 Bxd5 20. exd5 Nxb3 21. cxb3 Qc5+
22. Kh1 Qxd5 23. fxe5 dxe5 24. Qf5+ g6 25. Qxe5 Qxe5 26. Rxe5 Bf6 27. Rd5 Rfc8
28. Rb1 Rc2 29. g4 Re8 30. Bf4 Bd8 31. Rbd1 Bb6 32. Rb5 Re6 33. Rf1 Rf6 34. Rd5
g5 35. Rd6 Rxf4 36. Rxf4 gxf4 37. Rxb6 Rxb2 38. Rb5 Rxb3 39. Kg2 Ra3 40. Rxa5
b3 41. Rb5 Ra2+ 42. Kf3 Rxa4 43. Rxb3 Kg6 44. Rb6+ f6 45. h4 1/2-1/2

[Event "Klubbmesterskap 2010"]
[Site "Ås, Akershus NOR"]
[Date "2010.01.28"]
[Round "2"]
[White "Thowsen, Alf Geir"]
[Black "Lea, Per"]
[Result "0-1"]
[WhiteElo "1178"]
[BlackElo "1536"]
[Annotator "Lea, Per"]
[PlyCount "70"]
[EventDate "2010.01.21"]

1. d4 d5 2. c4 e6 3. Nc3 Nf6 4. e3 Be7 5. Nf3 O-O 6. Qc2 Nbd7 7. cxd5 exd5 8.
Bd3 Re8 9. O-O Nf8 {Etter hvert har vi kommet inn i en variant jeg har spilt
flere ganger de siste årene - både i "nærsjakk" (OTB - Over-the-board) og
postsjakk (eller fjernsjakk som det nå offisielt heter på norsk. Beklageligvis
har poenghøsten vært direkte mager, hadde jeg hatt en egen trener ville
vedkommende sikkert ha sagt: "Dette kan du ikke, spill kongeindisk i stedet".
Problemet er bare at jeg ikke føler meg så komfortabel i kongeindisk heller,
den eneste grunnen til at jeg konsekvent spilte det som svar på 1.d4 fra 1965,
var at min første "ordentlige" sjakkbok var Max Euwe: Halvslutna spel II, bind
5 i hans 12-bindsverk om åpninger. Og det første kapitlet der var nettopp om
kongeindisk. BOka ble forøvrig innkjøpt i Johan Grundt Tanums bokhandel 5. mai
1965 til den for en 15 år gammel realskoleelev ganske drøye pris av kroner 11,
40.} 10. Bd2 c6 11. Rac1 Bg4 {Ikke en særlig effektiv "binding": hvit ikke
bare svarer med å flytte springeren, men passer på å jage bort løperen i samme
slengen.} 12. Ne5 Bh5 13. Be2 $2 {Gir frivillig bort kontrollen over
diagonalen som peker inn mot h7 og kan umulig være godt. 13.f4 for å befeste
stillingen til springeren er en plan, en annen og ofte brukt plan i denne
åpningen er 13.b4 for å ødelegge svarts bondestruktur på dronningfløyen.} Bxe2
14. Nxe2 N8d7 {En mer fornuftig plan er kanskje:} (14... Bd6 15. Nd3 Qb6 16.
Ng3 N8d7 17. f4 g6 18. Ne5 Re7 $11) 15. Ng3 Nxe5 {
Spilt i den tro at hvits bonde blir svak - men det behøver den slett ikke bli.}
16. dxe5 Ng4 17. Bc3 {Ser forsåvidt naturlig ut, men problemet for hvit er at
trekket svekker forsvaret av e-bonden - et forsvar som blir viktig i det
øyeblikk tvinges til å gardere e-bonden med f-bonden.} (17. Qf5 Qc8 18. f4 Qe6
19. Rf3 c5 20. Qc2 {gir hvit en behagelig stilling}) 17... Bf8 18. Qf5 Qc8 19.
Qf4 Qe6 20. Nf5 Nxe5 21. Nd4 Qg6 22. Rcd1 Qg4 (22... Nd3 23. Qf3 Nc5 24. h4 Ne4
25. h5 Qg5 26. Qh3 Bc5 $19) 23. Qxg4 Nxg4 24. Nf5 g6 25. Nh4 Bg7 26. Bxg7 Kxg7
{Svart har sakte men sikkert opparbeidet seg en liten fordel. Hvit har i løpet
av de siste trekkene hjulpet godt til, ved stadig å velge blant de nest-beste
trekkene.} 27. Rd4 Re4 28. Rfd1 Rae8 29. g3 $2 {Svekker kon gestillingen helt
unødvendig. Springeren garderer feltet f3 foreløpig, men springeren har vel
ikke tenkt å bli stående på kanten resten av partiet?} Rxd4 30. Rxd4 Ne5 31.
Ng2 {
En avgjørende bukk. I tillegg er en slik "fianchetto-springer" et heslig syn...
} Nf3+ 32. Kf1 Nxd4 33. exd4 Re4 34. Ne3 Rxd4 35. h4 Rd2 0-1

[Event "Klubbmesterskap 2010"]
[Site "Ås, Akershus NOR"]
[Date "2010.01.29"]
[Round "2"]
[White "Bakken, Svein Erik"]
[Black "Hovland, Arne"]
[Result "0-1"]
[WhiteElo "1337"]
[BlackElo "1569"]
[Annotator "Hovland,Arne"]
[PlyCount "182"]
[TimeControl "240+2"]

{353MB, Fritz8.ctg, PC25LA-1547
} 1. d4 Nf6 2. c4 c5 3. d5 e6 4. Nc3 exd5 5.
cxd5 d6 6. e4 a6 7. a4 g6 8. Be2 Bg7 9. Nf3 O-O 10. O-O Re8 11. Qc2 Nbd7 12.
Nd2 Kh8 {Dette er faktisk det forste trekket Fritz ikke hadde i
apningsbiblioteket sitt. Trekket er spillbart, men passivt.} 13. f4 {
Logisk og bra.} Ng8 {Svart fortsetter med litt passive trekk.} 14. Nf3 Qe7 (
14... Bd4+ {er det mere punch i.}) 15. Bd3 f6 $2 {
Rybka gir etter dette klar fordel til hvit..} (15... Bd4+) 16. b3 (16. Bd2)
16... Nf8 17. Bb2 Bg4 18. h3 Bd7 19. Rad1 Rab8 20. a5 {greit nok.} ({Men} 20.
e5 $1 {ser farligere ut.}) 20... b5 {Dette "bruddet" er elendig timet.} 21.
axb6 Rxb6 22. Na4 Bxa4 23. bxa4 a5 $4 {Na blir bonden mat for gribbene..} 24.
Bb5 $3 {Knuser svarts illusjoner om spill i b-linja.} Reb8 25. Nd2 $1 {
Med sto kurs mot den hjelpelose a-bonden.} R6b7 26. Nc4 Qc7 27. Bc3 Ra7 28. Qd2
f5 {Jaja. Svart prover a rore det til.. Fullstendig ukorrekt, men alternativet
var a bli filt ned pa dronningfloyen..} 29. Bxg7+ Qxg7 30. Nxd6 fxe4 31. Nxe4
Nd7 32. Rc1 Ne7 33. Nxc5 Nxc5 34. Rxc5 Nf5 35. Rfc1 (35. d6 {sa skummelt ut,
og Rybka er enig. Det hadde kostet mye materiell a fatt stoppet denne..}) 35...
Rd8 36. Rc8 Ra8 37. Rxd8+ (37. Rxa8 $3) 37... Rxd8 38. Qxa5 $2 {
Hvit plukker en bonde til, men  na far endelig svart noe a spille pa..} Qd4+
39. Kh1 Rxd5 40. Qc3 Ne3 41. Qxd4+ Rxd4 42. g4 Rxf4 43. Bc6 {
Hvit finner ikke vinstplanen.} ({Svart er sjanselos etter} 43. a5 $3 {
For hvordan i huleste skal denne bonden stoppes?}) 43... Rf2 44. Re1 (44. a5 {
er fortsatt det beste..}) 44... Nc2 45. Rc1 Kg7 46. Kg1 (46. a5) 46... Rd2 47.
g5 {Dette kunne vart bra, men denne bonden trenger back-up..} (47. a5) 47...
Nd4 {Hvit star fortsatt best, men svarts springer er litt vanskelig a forholde
seg til, ikke minst psykologisk.. Na trues det jo med en gaffel pa e2.} 48. Bb5
$2 {og dermed ryker bonden pa g5.} (48. Rc4) 48... Nf3+ 49. Kf1 Nxg5 50. Rc7+
Kh6 51. Rc3 Ra2 {Na er det likt, men svarts springer er verre a forholde seg
til, sa jeg begynte sa smatt a a hape pa seier..} 52. Bc6 Ne6 53. Rc4 Kg5 54.
Rc1 Ra3 55. Bd7 Nf4 56. Rc5+ Kh4 57. Rc4 Kg3 58. Ke1 {
Na star svart best. Hvit ma se opp for matt, og loperen ma tra varsomt..} Re3+
59. Kf1 Rd3 60. Bg4 {Det eneste..} Ra3 (60... h5 $3 {
hadde vart bedre.. Da ryker nemlig hvits h-bonde mer eller mindre uten komp..}
61. Be2 Ra3 {og mattbildene gjor altsa  at svart vinner h-bonden..}) 61. Ke1 h5
62. Bc8 h4 $6 {Neppe den beste planen..} 63. Kd2 g5 $4 {slovt..} 64. Kc2 (64.
Rc3+ $1 {ser veldig ut som remis..} Rxc3 65. Kxc3 Nxh3 66. a5 Nf4 67. Kc4 g4
68. a6 h3 69. a7 Nd5 70. Bb7 Nc7 71. Kc5 Kf2 72. Kc6 g3 73. Kxc7 g2 74. Bxg2
hxg2 75. a8=Q g1=Q {remis..}) 64... Nxh3 65. a5 $5 Ra2+ 66. Kb3 Rxa5 {
Svart gir springeren for to sammenhengende fribonder. Jeg syntes det sa
lovende ut der og da, men det spors om ikke hvit burde greid remis.   (Rybka
ville forovrig slatt bonden i forrige trekk..)} 67. Rc3+ Kg2 68. Bxh3+ Kf2 69.
Rc2+ Ke3 70. Rc3+ Kd4 71. Rc4+ Ke5 72. Rg4 Kf6 73. Rb4 Ra6 {
Vrient a si hva som er beste plan her.. Jeg syns dette var brukbart.} 74. Bg4
Rd6 75. Kc4 Ke5 76. Rb5+ Kf4 77. Kc5 Rd2 78. Rb4+ Kg3 $2 {
Dette er bra sa lenge hvit ikke finner det beste trekket..} 79. Bh5 $2 {
Nemlig..} (79. Be6 {og hva skjer med g-bonden nar hvit spiller Tg4?}) 79... Rg2
80. Rb3+ Kh2 81. Rb4 $2 h3 82. Bg4 Kg3 83. Be6 h2 84. Rb3+ Kf4 ({
Her kunne svart avsluttet det hele med} 84... Kh4 $4 85. Rh3#) 85. Rb4+ Ke5 86.
Re4+ Kxe4 87. Bd5+ Ke3 88. Bxg2 g4 89. Kd5 Kf2 90. Bh1 g3 91. Ke4 g2 0-1

[Event "Klubbmesterskap 2010"]
[Site "Ås, Akershus NOR"]
[Date "2010.01.28"]
[Round "2"]
[White "Weberg, Øivind"]
[Black "Høva, Frode"]
[Result "1-0"]
[WhiteElo "1517"]
[BlackElo "1572"]
[Annotator "Fritz 10"]
[PlyCount "61"]

1. f4 d5 2. Nf3 c5 3. e3 Nf6 4. Be2 e6 5. O-O Bd6 6. b3 O-O 7. Bb2 Nbd7 8. Nc3
a6 9. a4 b6 10. Qe1 Bb7 11. h3 e5 12. fxe5 Nxe5 13. Nxe5 Bxe5 14. Nd1 d4 15.
Bf3 Bxf3 16. Rxf3 Qd6 17. exd4 cxd4 $6 (17... Bxd4+ 18. Bxd4 Qxd4+ 19. Ne3 $15)
18. d3 (18. Ba3 Qc7 19. Bxf8 $14) 18... Rae8 (18... Rfe8 19. Qh4 Rac8 $19) 19.
Qf1 Bh2+ 20. Kh1 Bg3 (20... Nh5 21. Ba3 Ng3+ 22. Rxg3 Qxg3 23. Nb2 $17) 21. Ba3
Qxa3 (21... Qc7 22. Nf2 Bd6 23. Bb2 Qxc2 24. Bxd4 Nd7 $15) 22. Rxa3 Re1 23.
Qxe1 Bxe1 24. Ra1 Re8 25. Nf2 Bc3 $6 (25... Re2) 26. Rf1 Nd5 (26... h6) 27. Ne4
$18 Ne3 (27... f6) 28. Rxe3 $1 dxe3 29. Nxc3 Rc8 30. Ne2 Rxc2 31. Rc1 1-0

[Event "Klubbmesterskap 2010"]
[Site "Ås, Akershus NOR"]
[Date "2010.01.28"]
[Round "2"]
[White "Furnes, Torstein"]
[Black "Simonsen, Steinar"]
[Result "1-0"]
[WhiteElo "1519"]
[BlackElo "1326"]
[PlyCount "73"]
[EventDate "2010.01.21"]

1. d4 d5 2. c4 e5 3. dxe5 d4 4. Nf3 Nc6 5. g3 Bb4+ 6. Nbd2 Bg4 7. Bg2 Bxf3 8.
Bxf3 Bxd2+ 9. Bxd2 Nxe5 10. Bxb7 Rb8 11. Qa4+ Qd7 12. Qxa7 Rd8 13. Bd5 Nf6 14.
Qxd4 Nxc4 15. Qxc4 Nxd5 16. Qe4+ Qe7 17. Qxe7+ Kxe7 18. O-O Rhe8 19. e4 Nf6 20.
Bb4+ Ke6 21. Rac1 Rd4 22. a3 Rxe4 23. Rxc7 Nd5 24. Rc6+ Kf5 25. Bc3 Nxc3 26.
Rxc3 Re2 27. Rf3+ Kg6 28. Rb1 f5 29. a4 h5 30. h4 Kf6 31. a5 g5 32. hxg5+ Kxg5
33. a6 h4 34. gxh4+ Kg4 35. Ra3 Kxh4 36. b4 Ra8 37. b5 1-0

[Event "Klubbmesterskap 2010"]
[Site "Ås, Akershus NOR"]
[Date "2010.02.04"]
[Round "3"]
[White "Lea, Per"]
[Black "Stensland, Martin"]
[Result "1-0"]
[WhiteElo "1536"]
[BlackElo "1176"]
[Annotator "Lea, Per"]
[PlyCount "55"]
[EventDate "2010.01.21"]

1. e4 e5 2. Nf3 Nc6 3. Bc4 {Et sjeldent trekk fra min hånd, selv om jeg
faktisk spilte 2 ganger i denne turneringa. Men av og til kan det være greit
å overraske motstanderen. En annen sak er at det var svart som kom med den
første overraskelsen: han har siden tidenes morgen sverget til det franske.} h6
$2 {Overforsiktig og et tempotap. Hvis svart er livredd for å få en springer
på g5 og stygge trusler mot f7, har han slik jeg ser det to strategier å velge
mellom: 1. Spille fransk 2. Studere åpningene og innse at både italiensk og
tospringerspill er helt greie åpninger svart.} (3... Bc5 4. c3 Nf6 5. d4 exd4
6. cxd4 Bb4+ 7. Nc3 Nxe4 8. O-O Bxc3 9. d5 Bf6 10. Re1 Ne7 11. Rxe4 d6 12. Bg5
Bxg5 13. Nxg5 O-O 14. Nxh7 Kxh7 15. Qh5+ Kg8 16. Rh4 f5 {
og det spørs om hvit har noe bedre enn remis ved trekkgjentagelse}) (3... Nf6
4. Ng5 d5 5. exd5 Na5 6. Bb5+ c6 7. dxc6 bxc6 8. Be2 h6 9. Nf3 e4 10. Ne5 Qd4
11. f4 Bc5 12. Rf1 Qd8 13. c3 Nd5 {og både hvit og svart bør sette seg inn i
analysene av partiet mellom Andre Bjerke og Dan Fosse jr, spilt i NRK 28.
august 1963, gjengitt i Bjerkes bok "Spillet i mitt liv" (Aschehoug 1968).
Partiet utløste noe så sjeldent som en lengre avisdebatt i Morgenbladet hvor
foruten de involverte spillerne også Norgesmester Erling Kristiansen og Per
Gisvold leverte bidrag.}) 4. d4 exd4 5. Nxd4 Nf6 6. O-O Ne5 7. Bb3 Be7 {
Passivt. Bedre er:} (7... Bc5 8. Nc3 d6 9. Be3 O-O 10. h3 Bd7 11. f4 Nc6 $11 {
Slag på e4 enten i 6. eller 7. trekk er selvfølgelig umulig på grunn av
bindingen(e) i e-linja.}) 8. f4 Nc6 9. e5 Ne4 10. Bd5 Nxd4 11. Bxe4 (11. Qxd4
$4 Bc5 {1-0}) 11... Ne6 12. Qh5 {Her burde nok hvit heller sørget for å få ut
de andre offiserene på dronningfløyen.} Nf8 $2 (12... Bc5+ 13. Kh1 d5 14. exd6
Bxd6 15. Nc3 O-O {og hvits fordel er minimal.}) 13. f5 d5 14. e6 Nxe6 15. fxe6
Bxe6 {Hvit har bar e springer mot 2 bønder, og selv om det bør holde, er det
mange farlige skjær i sjøen} 16. Bd3 Qd7 17. Nc3 a6 {
Nok et forsiktig trekk. Svart har ikke tid til 2 slike tempotap.} (17... O-O-O
18. a3 g5 19. b4 f5 20. Qg6 Rdf8 (20... Rdg8 21. Qxe6 Qxe6 22. Bxf5 Qxf5 23.
Rxf5 {og svart har bare en bonde for springeren. Og med så få brikker igjen på
brettet nytter det ikke å få i stand noe angrep på kongefløyen som
kompensasjon.}) 21. Bb2 Rhg8 22. Qh5 Bf6 23. Rae1 {og svart kan kjempe videre
- riktig nok i såvel motbakke som motvind, men det er tross alt bedre enn å
bli feid av brettet.}) 18. Bd2 O-O-O 19. Qe2 Qc6 20. Kh1 Bg5 21. b4 b5 {
Hjelper bare hvit til å åpne linjer mot svarts kongestilling.} (21... Qd6 22.
Na4 Rhe8 23. Nc5 Kb8 {er fremdeles bedre enn teksttrekket, selv om hvit
fremdeles har en klar fordel. Men som kjent: det er ikke nok å ha en vunnet
stilling - den skal vinnes også!}) 22. a4 Bxd2 23. Qxd2 d4 24. Ne4 Bc4 25. Nc5
(25. axb5 Bxb5 26. Bxb5 Qxb5 27. Nc5 f5 28. Nxa6 Rd6 29. Nc5 Kb8 30. Rxf5 {1-0}
) 25... Bxd3 26. Qxd3 Qe8 $4 27. axb5 Qxb5 28. Qxb5 {
Svart kan ikke slå tilbake på b5 pågrunn av tårnmatten på a8.} 1-0

[Event "Klubbmesterskap 2010"]
[Site "Ås, Akershus NOR"]
[Date "2010.02.04"]
[Round "3"]
[White "Hovland, Arne"]
[Black "Furnes, Torstein"]
[Result "1-0"]
[WhiteElo "1569"]
[BlackElo "1519"]
[PlyCount "71"]
[EventDate "2010.01.21"]

1. d4 d5 2. Nf3 Nf6 3. c4 e6 4. Nc3 Be7 5. Qc2 Nbd7 6. e4 dxe4 7. Nxe4 c5 8.
Be3 cxd4 9. Bxd4 b6 10. O-O-O Qc7 11. Bd3 h6 12. Rhe1 Bb7 13. Nxf6+ Nxf6 14.
Ne5 a5 15. Qa4+ Kf8 16. Qb5 Bc5 17. Bxc5+ Qxc5 18. Nd7+ Nxd7 19. Qxd7 Bxg2 20.
Rg1 Qxf2 21. Qd6+ Kg8 22. Qe5 g6 23. Rxg2 Qxg2 24. Be4 Qe2 25. Qd4 Qxh2 26.
Bxa8 Kh7 27. Rh1 Qb8 28. Qf6 Rf8 29. Be4 Qc8 30. b3 b5 31. Qg5 h5 32. Qxh5+ Kg7
33. Qe5+ f6 34. Rh7+ Kg8 35. Qh2 bxc4 36. Rc7 1-0